Southville International School and Colleges
Your cart is empty.
  • Cart
  • Lists
    Public lists Eva Luna New books Lux_list list_1
    Your lists Log in to create your own lists
  • Log in to your account
  • Your cookies
  • Search history
Southville International School and Colleges
  • Advanced search
  • Recent comments
  • Most popular
  • Libraries

Log in to your account

Log in with GOOGLE


If you do not have an external account, but do have a local account, you can still log in:

  1. Home
  2. MARC view: Students' perception of the educational usage of facebook group /
Normal view MARC view ISBD view

Students' perception of the educational usage of facebook group / (Record no. 361483)

[ view plain ]
MARC details
000 -LEADER
fixed length control field 00571nam a2200181Ia 4500
008 - FIXED-LENGTH DATA ELEMENTS--GENERAL INFORMATION
fixed length control field 190422s9999 xx 000 0 und d
100 ## - MAIN ENTRY--PERSONAL NAME
Personal name Chen, Meng-Mei
245 ## - TITLE STATEMENT
Title Students' perception of the educational usage of facebook group /
245 ## - TITLE STATEMENT
Statement of responsibility, etc Meng-Mei Chen.--
260 ## - PUBLICATION, DISTRIBUTION, ETC. (IMPRINT)
Name of publisher, distributor, etc Taylor and Francis Group
260 ## - PUBLICATION, DISTRIBUTION, ETC. (IMPRINT)
Date of publication, distribution, etc 2018
300 ## - PHYSICAL DESCRIPTION
Extent pages 332-348, October-Decemebr 2018
440 ## - SERIES STATEMENT/ADDED ENTRY--TITLE
Title Teaching in Travel & Tourism
Volume number/sequential designation 18(4)
650 ## - SUBJECT ADDED ENTRY--TOPICAL TERM
Topical term or geographic name as entry element Educational Usage of facebook
650 ## - SUBJECT ADDED ENTRY--TOPICAL TERM
Topical term or geographic name as entry element Facebook Group
650 ## - SUBJECT ADDED ENTRY--TOPICAL TERM
Topical term or geographic name as entry element Facebook Learning
650 ## - SUBJECT ADDED ENTRY--TOPICAL TERM
Topical term or geographic name as entry element Facebook Pedagogy

No items available.

Students' perception of the educational usage of facebook group /

APA

Chen M., .Students' perception of the educational usage of facebook group. : Taylor and Francis Group.

Chicago

Chen Meng-Mei, .Students' perception of the educational usage of facebook group. : Taylor and Francis Group.

Harvard

Chen M., .Students' perception of the educational usage of facebook group. : Taylor and Francis Group.

MLA

Chen Meng-Mei, .: Taylor and Francis Group. .

  • Print
  • Cite
  • Add to your cart (remove)
  • Save record
    BIBTEX Dublin Core MARCXML MARC (non-Unicode/MARC-8) MARC (Unicode/UTF-8) MARC (Unicode/UTF-8, Standard) MODS (XML) RIS
  • More searches
    Search for this title in:
    Other Libraries (WorldCat) Other Databases (Google Scholar) Online Stores (Bookfinder.com) Open Library (openlibrary.org)

Exporting to Dublin Core...

SOUTHVILLE LIBRARY

Southville International School and Colleges Library

1281 Tropical Ave. Cor. Luxembourg St., BF Homes International, Las Pinas City

Tel. No. 8256374 / 252358 Loc. 117/146

Powered by Koha